000 00264nam a22001217a 4500
008 171107b xxu||||| |||| 00| 0 eng d
041 _aeng
080 _a721.053
100 _a62
101 _aAUD
245 _aTHEORY OF AUDITING
_cSCHANDL,CH.W
942 _2udc
_cBK
999 _c38171
_d38171